[Event "ODJM A 2023"]
[Site "Willingen GER"]
[Date "2023.05.31"]
[Round "6"]
[White "Riechenberg, Sebastian"]
[Black "Seitz, Manuel"]
[Result "1/2-1/2"]
[Termination "normal"]
[Board "30"]
[WhiteElo "1655"]
[BlackElo "1791"]
[WhiteClock "00:22:52"]
[BlackClock "00:20:47"]
[PlyCount "65"]
[WhiteFideId "34605231"]
[BlackFideId "16215770"]
[EventCountry "GER"]
[EventRounds "9"]
[EventType "swiss"]
[EventDate "2023.05.27"]

1. e4 {[%clk 01:30:58]} {[%emt 00:00:02]} e5 {[%clk 01:30:52]} {[%emt
00:00:08]} 2. Nf3 {[%clk 01:31:20]} {[%emt 00:00:08]} Nc6 {[%clk 01:31:16]}
{[%emt 00:00:06]} 3. Bb5 {[%clk 01:31:43]} {[%emt 00:00:08]} a6 {[%clk
01:31:35]} {[%emt 00:00:11]} 4. Ba4 {[%clk 01:32:09]} {[%emt 00:00:04]} Nf6
{[%clk 01:31:54]} {[%emt 00:00:12]} 5. O-O {[%clk 01:32:32]} {[%emt 00:00:06]}
Be7 {[%clk 01:31:48]} {[%emt 00:00:36]} 6. Re1 {[%clk 01:32:56]} {[%emt
00:00:06]} b5 {[%clk 01:32:12]} {[%emt 00:00:07]} 7. Bb3 {[%clk 01:33:23]}
{[%emt 00:00:04]} O-O {[%clk 01:32:32]} {[%emt 00:00:09]} 8. c3 {[%clk
01:33:46]} {[%emt 00:00:07]} d5 {[%clk 01:32:11]} {[%emt 00:00:51]} 9. exd5
{[%clk 01:34:09]} {[%emt 00:00:08]} Nxd5 {[%clk 01:32:32]} {[%emt 00:00:09]}
10. Nxe5 {[%clk 01:34:28]} {[%emt 00:00:10]} Nxe5 {[%clk 01:32:47]} {[%emt
00:00:16]} 11. Rxe5 {[%clk 01:34:53]} {[%emt 00:00:05]} c6 {[%clk 01:33:02]}
{[%emt 00:00:15]} 12. d3 {[%clk 01:35:05]} {[%emt 00:00:18]} Bd6 {[%clk
01:32:32]} {[%emt 00:00:59]} 13. Re1 {[%clk 01:35:29]} {[%emt 00:00:06]} Bf5
{[%clk 01:30:07]} {[%emt 00:02:55]} 14. g3 {[%clk 00:57:36]} {[%emt 00:38:23]}
Qd7 {[%clk 01:22:13]} {[%emt 00:08:24]} 15. Bxd5 {[%clk 00:53:34]} {[%emt
00:04:33]} cxd5 {[%clk 01:21:37]} {[%emt 00:01:05]} 16. Qf3 {[%clk 00:51:49]}
{[%emt 00:02:15]} Rae8 {[%clk 01:15:55]} {[%emt 00:06:12]} 17. Be3 {[%clk
00:49:58]} {[%emt 00:02:22]} Bxd3 {[%clk 01:12:53]} {[%emt 00:03:32]} 18. Nd2
{[%clk 00:48:54]} {[%emt 00:01:34]} Qf5 {[%clk 00:58:47]} {[%emt 00:14:35]} 19.
Qxf5 {[%clk 00:48:48]} {[%emt 00:00:37]} Bxf5 {[%clk 00:59:13]} {[%emt
00:00:04]} 20. Bd4 {[%clk 00:47:58]} {[%emt 00:01:20]} Rxe1+ {[%clk 00:51:00]}
{[%emt 00:08:42]} 21. Rxe1 {[%clk 00:45:13]} {[%emt 00:03:13]} f6 {[%clk
00:48:39]} {[%emt 00:02:53]} 22. f3 {[%clk 00:43:47]} {[%emt 00:01:56]} Kf7
{[%clk 00:44:13]} {[%emt 00:04:56]} 23. Nf1 {[%clk 00:43:32]} {[%emt 00:00:45]}
Re8 {[%clk 00:40:11]} {[%emt 00:04:32]} 24. Ne3 {[%clk 00:42:33]} {[%emt
00:01:29]} Be6 {[%clk 00:37:54]} {[%emt 00:02:46]} 25. Rd1 {[%clk 00:39:17]}
{[%emt 00:03:46]} Bc7 {[%clk 00:34:36]} {[%emt 00:03:48]} 26. f4 {[%clk
00:36:57]} {[%emt 00:02:50]} f5 {[%clk 00:31:38]} {[%emt 00:03:28]} 27. Kf2
{[%clk 00:35:14]} {[%emt 00:02:13]} g6 {[%clk 00:30:25]} {[%emt 00:01:43]} 28.
Nc2 {[%clk 00:31:09]} {[%emt 00:04:34]} a5 {[%clk 00:26:24]} {[%emt 00:04:31]}
29. Bc5 {[%clk 00:30:19]} {[%emt 00:01:22]} Rb8 {[%clk 00:24:21]} {[%emt
00:02:33]} 30. Nd4 {[%clk 00:26:41]} {[%emt 00:04:08]} Bb6 {[%clk 00:22:27]}
{[%emt 00:02:24]} 31. Bxb6 {[%clk 00:26:24]} {[%emt 00:00:47]} Rxb6 {[%clk
00:22:50]} {[%emt 00:00:07]} 32. Re1 {[%clk 00:22:52]} {[%emt 00:04:02]} Bc8
{[%clk 00:20:47]} {[%emt 00:02:34]} 33. Nf3 {[%emt 00:07:13]} 1/2-1/2

[Event "ODJM A 2023"]
[Site "Willingen GER"]
[Date "2023.05.31"]
[Round "6"]
[White "Albayrak, Berrak"]
[Black "Abou Wally, Adrian"]
[Result "1/2-1/2"]
[Termination "normal"]
[Board "31"]
[WhiteElo "1664"]
[BlackElo "1753"]
[WhiteClock "00:18:13"]
[BlackClock "00:12:54"]
[PlyCount "41"]
[WhiteFideId "16241657"]
[BlackFideId "16245113"]
[EventCountry "GER"]
[EventRounds "9"]
[EventType "swiss"]
[EventDate "2023.05.27"]

1. Nf3 {[%clk 01:30:57]} {[%emt 00:00:01]} Nf6 {[%clk 01:30:53]} {[%emt
00:00:07]} 2. g3 {[%clk 01:31:20]} {[%emt 00:00:08]} g6 {[%clk 01:31:20]}
{[%emt 00:00:04]} 3. Bg2 {[%clk 01:31:44]} {[%emt 00:00:05]} Bg7 {[%clk
01:31:46]} {[%emt 00:00:04]} 4. O-O {[%clk 01:32:04]} {[%emt 00:00:09]} O-O
{[%clk 01:32:12]} {[%emt 00:00:04]} 5. d3 {[%clk 01:32:27]} {[%emt 00:00:08]}
d5 {[%clk 01:29:25]} {[%emt 00:03:17]} 6. Nbd2 {[%clk 01:32:27]} {[%emt
00:00:29]} Nbd7 {[%clk 01:22:58]} {[%emt 00:06:59]} 7. e4 {[%clk 01:21:34]}
{[%emt 00:11:22]} dxe4 {[%clk 01:21:05]} {[%emt 00:02:24]} 8. dxe4 {[%clk
01:21:53]} {[%emt 00:00:10]} e5 {[%clk 01:17:51]} {[%emt 00:03:44]} 9. Qe2
{[%clk 01:17:02]} {[%emt 00:05:21]} b6 {[%clk 01:13:24]} {[%emt 00:04:58]} 10.
Ne1 {[%clk 01:05:14]} {[%emt 00:12:17]} Bb7 {[%clk 01:07:49]} {[%emt 00:06:05]}
11. Nd3 {[%clk 01:03:44]} {[%emt 00:01:59]} Qe7 {[%clk 01:05:58]} {[%emt
00:02:21]} 12. b3 {[%clk 01:00:24]} {[%emt 00:03:51]} Rfe8 {[%emt 00:12:14]}
13. Bb2 {[%clk 00:58:11]} {[%emt 00:01:34]} a5 {[%clk 00:44:10]} {[%emt
00:11:43]} 14. a4 {[%clk 00:43:40]} {[%emt 00:15:01]} h6 {[%clk 00:40:08]}
{[%emt 00:04:32]} 15. Nc4 {[%clk 00:39:19]} {[%emt 00:04:51]} Nh7 {[%clk
00:38:25]} {[%emt 00:02:12]} 16. h4 {[%clk 00:37:52]} {[%emt 00:01:57]} Ba6
{[%clk 00:36:37]} {[%emt 00:02:19]} 17. Ne3 {[%clk 00:35:38]} {[%emt 00:02:43]}
c6 {[%clk 00:31:19]} {[%emt 00:05:48]} 18. Rfd1 {[%clk 00:31:24]} {[%emt
00:04:44]} Bxd3 {[%clk 00:22:39]} {[%emt 00:09:10]} 19. Qxd3 {[%clk 00:29:52]}
{[%emt 00:02:01]} Nc5 {[%clk 00:13:54]} {[%emt 00:09:15]} 20. Qd6 {[%clk
00:27:37]} {[%emt 00:02:45]} Qb7 {[%clk 00:12:54]} {[%emt 00:01:30]} 21. Qd2
{[%clk 00:18:13]} {[%emt 00:09:54]} 1/2-1/2

[Event "ODJM A 2023"]
[Site "Willingen GER"]
[Date "2023.06.01"]
[Round "7"]
[White "Yelisieiev, Yevhenii"]
[Black "Gerlach, Felix"]
[Result "1-0"]
[Termination "normal"]
[Board "1"]
[WhiteTitle "IM"]
[WhiteElo "2418"]
[BlackElo "2078"]
[WhiteClock "00:02:04"]
[BlackClock "00:00:46"]
[PlyCount "129"]
[WhiteFideId "14139642"]
[BlackFideId "12957690"]
[EventCountry "GER"]
[EventRounds "9"]
[EventType "swiss"]
[EventDate "2023.05.27"]

1. d4 {[%clk 01:30:56]} {[%emt 00:00:03]} Nf6 {[%clk 01:30:52]} {[%emt
00:00:09]} 2. Nf3 {[%clk 01:31:09]} {[%emt 00:00:17]} g6 {[%clk 01:30:42]}
{[%emt 00:00:40]} 3. g3 {[%clk 01:31:33]} {[%emt 00:00:06]} Bg7 {[%clk
01:30:52]} {[%emt 00:00:19]} 4. Bg2 {[%clk 01:31:48]} {[%emt 00:00:15]} O-O
{[%clk 01:31:05]} {[%emt 00:00:17]} 5. O-O {[%clk 01:31:41]} {[%emt 00:00:36]}
c5 {[%clk 01:28:31]} {[%emt 00:03:05]} 6. dxc5 {[%clk 01:27:08]} {[%emt
00:05:04]} Na6 {[%clk 01:23:02]} {[%emt 00:05:58]} 7. Be3 {[%clk 01:20:33]}
{[%emt 00:07:05]} Qc7 {[%clk 01:20:40]} {[%emt 00:02:52]} 8. Nc3 {[%clk
01:15:10]} {[%emt 00:05:53]} Nxc5 {[%clk 01:20:22]} {[%emt 00:00:48]} 9. Nb5
{[%clk 01:09:59]} {[%emt 00:05:41]} Qb6 {[%clk 01:19:56]} {[%emt 00:00:55]} 10.
c4 {[%clk 01:04:13]} {[%emt 00:06:16]} a5 {[%clk 01:16:06]} {[%emt 00:04:20]}
11. h3 {[%clk 00:44:12]} {[%emt 00:20:32]} d6 {[%clk 01:13:14]} {[%emt
00:03:22]} 12. Nfd4 {[%clk 00:41:58]} {[%emt 00:02:44]} Bd7 {[%clk 01:10:48]}
{[%emt 00:02:55]} 13. b3 {[%clk 00:37:48]} {[%emt 00:04:42]} e5 {[%clk
00:53:52]} {[%emt 00:17:24]} 14. Nf3 {[%clk 00:37:27]} {[%emt 00:00:51]} Bxb5
{[%clk 00:52:43]} {[%emt 00:01:39]} 15. cxb5 {[%clk 00:37:53]} {[%emt
00:00:05]} Qxb5 {[%clk 00:52:41]} {[%emt 00:00:32]} 16. Qxd6 {[%clk 00:34:55]}
{[%emt 00:03:28]} Nfe4 {[%clk 00:50:40]} {[%emt 00:02:30]} 17. Qd5 {[%clk
00:34:18]} {[%emt 00:01:06]} Rfd8 {[%clk 00:41:02]} {[%emt 00:10:09]} 18. Qc4
{[%clk 00:34:36]} {[%emt 00:00:12]} Qxc4 {[%clk 00:41:13]} {[%emt 00:00:19]}
19. bxc4 {[%clk 00:35:04]} {[%emt 00:00:02]} Rac8 {[%clk 00:41:05]} {[%emt
00:00:38]} 20. Rac1 {[%clk 00:29:53]} {[%emt 00:05:42]} Na4 {[%clk 00:38:38]}
{[%emt 00:02:57]} 21. Rc2 {[%clk 00:29:14]} {[%emt 00:01:09]} b5 {[%clk
00:22:27]} {[%emt 00:16:41]} 22. Rfc1 {[%clk 00:26:16]} {[%emt 00:03:27]} bxc4
{[%clk 00:22:27]} {[%emt 00:00:30]} 23. Rxc4 {[%clk 00:25:39]} {[%emt
00:01:07]} Nec3 {[%clk 00:15:43]} {[%emt 00:07:15]} 24. Rxc8 {[%clk 00:25:21]}
{[%emt 00:00:47]} Rxc8 {[%clk 00:16:08]} {[%emt 00:00:04]} 25. Rc2 {[%clk
00:23:49]} {[%emt 00:02:03]} Rb8 {[%clk 00:16:32]} {[%emt 00:00:06]} 26. Ng5
{[%clk 00:19:40]} {[%emt 00:04:39]} Rb1+ {[%clk 00:12:59]} {[%emt 00:04:02]}
27. Kh2 {[%clk 00:19:58]} {[%emt 00:00:12]} Rb2 {[%clk 00:07:58]} {[%emt
00:05:31]} 28. Rxb2 {[%clk 00:19:58]} {[%emt 00:00:31]} Nxb2 {[%clk 00:08:07]}
{[%emt 00:00:21]} 29. Bd2 {[%clk 00:19:56]} {[%emt 00:00:31]} Nbd1 {[%clk
00:06:29]} {[%emt 00:02:08]} 30. Bc6 {[%clk 00:13:27]} {[%emt 00:07:00]} h6
{[%clk 00:05:50]} {[%emt 00:01:08]} 31. Ne4 {[%clk 00:13:30]} {[%emt 00:00:26]}
Nxa2 {[%clk 00:05:53]} {[%emt 00:00:28]} 32. Bxa5 {[%clk 00:13:14]} {[%emt
00:00:46]} Nc1 {[%clk 00:06:00]} {[%emt 00:00:22]} 33. Bb5 {[%clk 00:11:27]}
{[%emt 00:02:18]} f5 {[%clk 00:03:43]} {[%emt 00:02:47]} 34. Nc3 {[%clk
00:09:04]} {[%emt 00:02:53]} Nb2 {[%clk 00:00:53]} {[%emt 00:03:20]} 35. Be8
{[%clk 00:04:43]} {[%emt 00:04:51]} Kh7 {[%clk 00:01:01]} {[%emt 00:00:23]} 36.
Bf7 {[%clk 00:05:00]} {[%emt 00:00:14]} e4 {[%clk 00:01:14]} {[%emt 00:00:17]}
37. Kg2 {[%clk 00:04:05]} {[%emt 00:01:25]} Bxc3 {[%clk 00:01:02]} {[%emt
00:00:41]} 38. Bxc3 {[%clk 00:04:33]} {[%emt 00:00:02]} Na4 {[%clk 00:00:50]}
{[%emt 00:00:41]} 39. Be5 {[%clk 00:01:35]} {[%emt 00:03:28]} Nxe2 {[%clk
00:01:14]} {[%emt 00:00:07]} 40. Bc4 {[%clk 00:01:10]} {[%emt 00:00:56]} Nc1
{[%clk 00:01:10]} {[%emt 00:00:32]} 41. Bd4 {[%clk 00:01:01]} {[%emt 00:00:40]}
Nd3 {[%clk 00:01:26]} {[%emt 00:30:15]} 42. Bxd3 {[%clk 00:30:58]} {[%emt
00:00:33]} exd3 {[%clk 00:01:52]} {[%emt 00:00:03]} 43. Kf3 {[%clk 00:26:28]}
{[%emt 00:05:00]} Kg8 {[%clk 00:02:09]} {[%emt 00:00:13]} 44. Ke3 {[%clk
00:26:41]} {[%emt 00:00:17]} Kf7 {[%clk 00:02:34]} {[%emt 00:00:04]} 45. Kxd3
{[%clk 00:26:50]} {[%emt 00:00:21]} Ke6 {[%clk 00:03:00]} {[%emt 00:00:04]} 46.
Kc4 {[%clk 00:26:34]} {[%emt 00:00:46]} h5 {[%clk 00:02:21]} {[%emt 00:01:10]}
47. h4 {[%clk 00:14:23]} {[%emt 00:12:42]} f4 {[%clk 00:01:41]} {[%emt
00:01:09]} 48. gxf4 {[%clk 00:14:08]} {[%emt 00:00:45]} Kf5 {[%clk 00:01:54]}
{[%emt 00:00:17]} 49. Kb5 {[%clk 00:09:51]} {[%emt 00:04:46]} Kg4 {[%clk
00:02:12]} {[%emt 00:00:12]} 50. Bf6 {[%clk 00:08:38]} {[%emt 00:01:44]} Nb2
{[%clk 00:02:35]} {[%emt 00:00:07]} 51. Bxb2 {[%clk 00:09:02]} {[%emt
00:00:05]} Kxh4 {[%clk 00:03:00]} {[%emt 00:00:05]} 52. Kc4 {[%clk 00:07:52]}
{[%emt 00:01:40]} Kg4 {[%clk 00:03:25]} {[%emt 00:00:05]} 53. Kd3 {[%clk
00:05:01]} {[%emt 00:03:22]} Kf3 {[%clk 00:03:49]} {[%emt 00:00:05]} 54. Bf6
{[%clk 00:04:01]} {[%emt 00:01:30]} Kxf4 {[%clk 00:03:11]} {[%emt 00:01:08]}
55. Ke2 {[%clk 00:04:07]} {[%emt 00:00:25]} g5 {[%clk 00:02:32]} {[%emt
00:01:08]} 56. Kf1 {[%clk 00:04:22]} {[%emt 00:00:16]} h4 {[%clk 00:02:26]}
{[%emt 00:00:35]} 57. Kg2 {[%clk 00:04:19]} {[%emt 00:00:33]} Kg4 {[%clk
00:02:47]} {[%emt 00:00:10]} 58. Bd4 {[%clk 00:02:40]} {[%emt 00:02:08]} Kf5
{[%clk 00:01:56]} {[%emt 00:01:20]} 59. Bb6 {[%clk 00:02:08]} {[%emt 00:01:04]}
g4 {[%clk 00:00:46]} {[%emt 00:01:40]} 60. Bd8 {[%clk 00:02:04]} {[%emt
00:00:33]} h3+ {[%emt 00:01:27]} 61. Kg3 Ke4 62. Bc7 {[%emt 00:00:01]} Kd3
{[%emt 00:00:02]} 63. Kxg4 {[%emt 00:00:03]} Ke2 64. f3 Ke3 {[%emt 00:00:04]}
65. Bg3 {[%emt 00:00:02]} 1-0

[Event "ODJM A 2023"]
[Site "Willingen GER"]
[Date "2023.06.01"]
[Round "7"]
[White "Bold, André"]
[Black "Stemmler, Fabian"]
[Result "1/2-1/2"]
[Termination "normal"]
[Board "2"]
[WhiteElo "2194"]
[BlackElo "2084"]
[WhiteClock "00:14:21"]
[BlackClock "00:01:10"]
[PlyCount "72"]
[WhiteFideId "16208471"]
[BlackFideId "12964808"]
[EventCountry "GER"]
[EventRounds "9"]
[EventType "swiss"]
[EventDate "2023.05.27"]

1. Nf3 {[%clk 01:30:58]} {[%emt 00:00:01]} Nf6 {[%clk 01:30:53]} {[%emt
00:00:08]} 2. e3 {[%clk 01:31:03]} {[%emt 00:00:25]} g6 {[%clk 01:31:04]}
{[%emt 00:00:19]} 3. c4 {[%clk 01:29:41]} {[%emt 00:01:52]} Bg7 {[%clk
01:31:21]} {[%emt 00:00:12]} 4. Nc3 {[%clk 01:30:06]} {[%emt 00:00:06]} O-O
{[%clk 01:31:40]} {[%emt 00:00:12]} 5. d4 {[%clk 01:26:58]} {[%emt 00:03:37]}
d6 {[%clk 01:31:59]} {[%emt 00:00:11]} 6. Be2 {[%clk 01:27:22]} {[%emt
00:00:06]} Nbd7 {[%clk 01:32:17]} {[%emt 00:00:13]} 7. O-O {[%clk 01:27:46]}
{[%emt 00:00:06]} e5 {[%clk 01:32:01]} {[%emt 00:00:46]} 8. Qc2 {[%clk
01:28:01]} {[%emt 00:00:16]} Re8 {[%clk 01:30:19]} {[%emt 00:02:12]} 9. Rd1
{[%clk 01:28:05]} {[%emt 00:00:26]} e4 {[%clk 01:29:12]} {[%emt 00:01:36]} 10.
Nd2 {[%clk 01:28:31]} {[%emt 00:00:05]} Qe7 {[%clk 01:29:39]} {[%emt 00:00:03]}
11. b4 {[%clk 01:24:33]} {[%emt 00:04:28]} Nf8 {[%clk 01:26:05]} {[%emt
00:04:03]} 12. a4 {[%clk 01:20:23]} {[%emt 00:04:41]} Bf5 {[%clk 01:21:53]}
{[%emt 00:04:43]} 13. b5 {[%clk 01:09:31]} {[%emt 00:11:23]} h5 {[%clk
01:04:43]} {[%emt 00:17:39]} 14. a5 {[%clk 00:58:09]} {[%emt 00:11:52]} a6
{[%clk 00:55:50]} {[%emt 00:09:23]} 15. bxa6 {[%clk 00:52:03]} {[%emt
00:06:36]} bxa6 {[%clk 00:55:55]} {[%emt 00:00:26]} 16. Nd5 {[%clk 00:50:36]}
{[%emt 00:01:57]} Nxd5 {[%clk 00:47:09]} {[%emt 00:09:15]} 17. cxd5 {[%clk
00:51:02]} {[%emt 00:00:04]} Bxd4 {[%clk 00:32:25]} {[%emt 00:15:14]} 18. Rb1
{[%clk 00:51:28]} {[%emt 00:00:05]} Be5 {[%clk 00:24:23]} {[%emt 00:08:31]} 19.
Rb7 {[%clk 00:46:41]} {[%emt 00:05:17]} Rec8 {[%clk 00:17:42]} {[%emt
00:07:11]} 20. Ba3 {[%clk 00:45:03]} {[%emt 00:02:09]} Nh7 {[%clk 00:15:48]}
{[%emt 00:02:24]} 21. Nc4 {[%clk 00:39:25]} {[%emt 00:06:08]} Bxh2+ {[%clk
00:10:55]} {[%emt 00:05:23]} 22. Kxh2 {[%clk 00:35:13]} {[%emt 00:04:42]} Qh4+
{[%clk 00:11:23]} {[%emt 00:00:02]} 23. Kg1 {[%clk 00:35:36]} {[%emt 00:00:07]}
Ng5 {[%clk 00:11:48]} {[%emt 00:00:05]} 24. Nd2 {[%clk 00:21:51]} {[%emt
00:14:15]} Nf3+ {[%clk 00:07:58]} {[%emt 00:04:20]} 25. Nxf3 {[%clk 00:22:01]}
{[%emt 00:00:20]} exf3 {[%clk 00:08:23]} {[%emt 00:00:05]} 26. Qd2 {[%clk
00:16:08]} {[%emt 00:06:23]} fxg2 {[%clk 00:02:07]} {[%emt 00:06:47]} 27. Kxg2
{[%clk 00:14:22]} {[%emt 00:02:15]} Qg5+ {[%clk 00:02:06]} {[%emt 00:00:31]}
28. Kh2 {[%clk 00:13:41]} {[%emt 00:01:11]} Qh4+ {[%clk 00:01:59]} {[%emt
00:00:36]} 29. Kg1 {[%clk 00:13:17]} {[%emt 00:00:54]} Qg5+ {[%clk 00:01:10]}
{[%emt 00:01:18]} 30. Kh2 {[%clk 00:13:24]} {[%emt 00:00:23]} Qh4+ {[%clk
00:01:37]} {[%emt 00:00:04]} 31. Kg1 {[%clk 00:13:49]} {[%emt 00:00:05]} Be4
{[%clk 00:00:33]} {[%emt 00:01:35]} 32. f3 {[%clk 00:13:33]} {[%emt 00:00:46]}
Qg3+ {[%clk 00:01:01]} {[%emt 00:00:01]} 33. Kh1 {[%clk 00:12:59]} {[%emt
00:01:05]} Qh3+ {[%clk 00:01:19]} {[%emt 00:00:11]} 34. Kg1 {[%clk 00:13:24]}
{[%emt 00:00:05]} Qg3+ {[%clk 00:01:33]} {[%emt 00:00:16]} 35. Kh1 {[%clk
00:13:52]} {[%emt 00:00:02]} Qh3+ {[%clk 00:00:55]} {[%emt 00:01:08]} 36. Kg1
{[%clk 00:14:21]} {[%emt 00:00:01]} Qg3+ {[%clk 00:01:10]} {[%emt 00:00:15]}
1/2-1/2

[Event "ODJM A 2023"]
[Site "Willingen GER"]
[Date "2023.06.01"]
[Round "7"]
[White "Kruse, Victor"]
[Black "Hofmann, Lorenz"]
[Result "0-1"]
[Termination "normal"]
[Board "3"]
[WhiteElo "1964"]
[BlackElo "2061"]
[WhiteClock "00:00:31"]
[BlackClock "00:05:00"]
[PlyCount "80"]
[WhiteFideId "16256964"]
[BlackFideId "12995509"]
[EventCountry "GER"]
[EventRounds "9"]
[EventType "swiss"]
[EventDate "2023.05.27"]

1. d4 {[%clk 01:30:51]} {[%emt 00:00:08]} Nf6 {[%clk 01:30:55]} {[%emt
00:00:05]} 2. c4 {[%clk 01:31:11]} {[%emt 00:00:10]} e6 {[%clk 01:31:21]}
{[%emt 00:00:05]} 3. Nf3 {[%clk 01:31:24]} {[%emt 00:00:17]} d5 {[%clk
01:31:47]} {[%emt 00:00:04]} 4. Nc3 {[%clk 01:31:20]} {[%emt 00:00:35]} Bb4
{[%clk 01:31:50]} {[%emt 00:00:27]} 5. cxd5 {[%clk 01:31:15]} {[%emt 00:00:35]}
exd5 {[%clk 01:32:14]} {[%emt 00:00:06]} 6. Bg5 {[%clk 01:31:37]} {[%emt
00:00:08]} h6 {[%clk 01:32:39]} {[%emt 00:00:05]} 7. Bh4 {[%clk 01:30:44]}
{[%emt 00:01:23]} g5 {[%clk 01:33:05]} {[%emt 00:00:05]} 8. Bg3 {[%clk
01:29:47]} {[%emt 00:01:28]} Ne4 {[%clk 01:33:25]} {[%emt 00:00:09]} 9. Rc1
{[%clk 01:13:07]} {[%emt 00:17:10]} Bxc3+ {[%clk 01:31:10]} {[%emt 00:02:46]}
10. bxc3 {[%clk 01:13:17]} {[%emt 00:00:19]} h5 {[%clk 01:31:32]} {[%emt
00:00:07]} 11. h4 {[%clk 01:08:19]} {[%emt 00:05:28]} g4 {[%clk 01:30:55]}
{[%emt 00:01:07]} 12. Ne5 {[%clk 01:05:06]} {[%emt 00:03:44]} Nxg3 {[%clk
01:31:02]} {[%emt 00:00:23]} 13. fxg3 {[%clk 01:05:28]} {[%emt 00:00:08]} Qd6
{[%clk 01:25:38]} {[%emt 00:05:54]} 14. Qd3 {[%clk 00:57:05]} {[%emt 00:08:52]}
Nd7 {[%clk 01:16:29]} {[%emt 00:09:40]} 15. Nxd7 {[%clk 00:54:37]} {[%emt
00:02:58]} Bxd7 {[%clk 01:16:40]} {[%emt 00:00:19]} 16. e4 {[%clk 00:54:58]}
{[%emt 00:00:09]} O-O-O {[%clk 01:11:28]} {[%emt 00:05:42]} 17. Be2 {[%clk
00:47:58]} {[%emt 00:07:31]} dxe4 {[%clk 01:06:53]} {[%emt 00:05:05]} 18. Qe3
{[%clk 00:48:14]} {[%emt 00:00:14]} f5 {[%clk 01:02:09]} {[%emt 00:05:14]} 19.
O-O {[%clk 00:47:24]} {[%emt 00:01:20]} Qh6 {[%clk 00:58:25]} {[%emt 00:04:14]}
20. Qxh6 {[%clk 00:44:01]} {[%emt 00:03:53]} Rxh6 {[%clk 00:58:51]} {[%emt
00:00:05]} 21. Kf2 {[%clk 00:44:24]} {[%emt 00:00:06]} Rdh8 {[%clk 00:55:46]}
{[%emt 00:03:35]} 22. Ke3 {[%clk 00:42:37]} {[%emt 00:02:17]} Kd8 {[%clk
00:54:43]} {[%emt 00:01:35]} 23. Rb1 {[%clk 00:35:12]} {[%emt 00:07:53]} Rb6
{[%clk 00:53:00]} {[%emt 00:02:13]} 24. Rb3 {[%clk 00:23:14]} {[%emt 00:12:28]}
Ke7 {[%clk 00:49:19]} {[%emt 00:04:10]} 25. c4 {[%clk 00:22:02]} {[%emt
00:01:42]} Kf6 {[%clk 00:32:06]} {[%emt 00:17:43]} 26. Rfb1 {[%clk 00:19:22]}
{[%emt 00:03:10]} Re8 {[%clk 00:20:55]} {[%emt 00:11:42]} 27. c5 {[%clk
00:18:11]} {[%emt 00:01:40]} Rxb3+ {[%clk 00:20:42]} {[%emt 00:00:44]} 28. axb3
{[%clk 00:18:28]} {[%emt 00:00:12]} b6 {[%clk 00:16:07]} {[%emt 00:05:06]} 29.
b4 {[%clk 00:09:07]} {[%emt 00:09:50]} Ra8 {[%clk 00:11:34]} {[%emt 00:05:03]}
30. Kf4 {[%clk 00:06:48]} {[%emt 00:02:50]} a5 {[%clk 00:08:56]} {[%emt
00:03:07]} 31. Ra1 {[%clk 00:06:40]} {[%emt 00:00:38]} a4 {[%clk 00:08:44]}
{[%emt 00:00:42]} 32. Ke3 {[%clk 00:05:25]} {[%emt 00:01:45]} bxc5 {[%clk
00:07:48]} {[%emt 00:01:26]} 33. bxc5 {[%clk 00:05:10]} {[%emt 00:00:45]} Rb8
{[%clk 00:07:24]} {[%emt 00:00:54]} 34. Ra3 {[%clk 00:04:37]} {[%emt 00:01:03]}
Rb4 {[%clk 00:06:00]} {[%emt 00:01:55]} 35. Bd1 {[%clk 00:04:17]} {[%emt
00:00:49]} Ke6 {[%clk 00:06:03]} {[%emt 00:00:27]} 36. Ra2 {[%clk 00:03:00]}
{[%emt 00:01:47]} Kd5 {[%clk 00:06:11]} {[%emt 00:00:23]} 37. Rd2 {[%clk
00:01:51]} {[%emt 00:01:40]} a3 {[%clk 00:04:19]} {[%emt 00:02:22]} 38. Ra2
{[%clk 00:01:18]} {[%emt 00:01:03]} Ba4 {[%clk 00:04:32]} {[%emt 00:00:17]} 39.
Be2 {[%clk 00:00:41]} {[%emt 00:01:07]} Rb3+ {[%clk 00:04:47]} {[%emt
00:00:15]} 40. Kd2 {[%clk 00:00:31]} {[%emt 00:00:40]} Kxd4 {[%clk 00:05:00]}
{[%emt 00:00:17]} 0-1